Gemeinden Bezirk Seeland - Statistiken

Allgemein
  • Dieses Quiz wurde 160 mal gespielt
  • Das Durchschnittsergebnis liegt bei 24 aus 42
Antwortstatistiken
Antwort Einwohner % Korrekt
Lyss 16'190
100%
Ins 3621
92%
Aarberg 4629
83%
Büren an der Aare 3696
75%
Oberwil bei Büren 926
75%
Gals 851
67%
Gampelen 1002
67%
Grossaffoltern 3064
67%
Kallnach 2252
67%
Kappelen 1407
67%
Rüti bei Büren 855
67%
Schüpfen 3763
67%
Arch 1718
58%
Dotzigen 1589
58%
Epsach 330
58%
Erlach 1376
58%
Finsterhennen 573
58%
Jens 668
58%
Rapperswil 2675
58%
Seedorf 3183
58%
Treiten 431
58%
Tschugg 473
58%
Bargen 1100
50%
Büetigen 920
50%
Diessbach bei Büren 1016
50%
Hermrigen 318
50%
Leuzigen 1341
50%
Müntschemier 1609
50%
Radelfingen 1260
50%
Studen 3463
50%
Täuffelen 3071
50%
Wengi 633
50%
Bühl 483
42%
Hagneck 420
42%
Meienried 56
42%
Merzligen 396
42%
Siselen 629
42%
Vinelz 888
42%
Worben 2501
42%
Brüttelen 621
33%
Lüscherz 558
33%
Walperswil 1020
33%
Keine übereinstimmenden Quizze gefunden
Verteilung der Resultate
Anzahl Personen mit jedem Resultat
Perzentil nach korrekt beantworteten Fragen
Ihre Resultats-Entwicklung
Sie haben dieses Quiz noch nicht gespielt